Statistics for Top 10 African Countries with the Largest Exclusive Economic Zones

Click here to take the quiz!

General Stats

  • This quiz has been taken 1,281 times
  • The average score is 8 of 10

Answer Stats

km2Country% Correct
1,535,538South Africa
99%
575,230Morocco
91%
1,225,259Madagascar
90%
825,052Somalia
90%
518,433Angola
88%
564,748Namibia
87%
578,986Mozambique
85%
1,336,559Seychelles
74%
800,561Cape Verde
71%
1,284,997Mauritius
71%

Score Distribution

Percentile by Number Answered

Percent of People with Each Score

Your Score History

You have not taken this quiz